A valuer's guide to the RICS Red Book 2011 (Record no. 112295)

MARC details
000 -LEADER
fixed length control field 01550cam a22002655a 4500
001 - CONTROL NUMBER
control field E152954
008 - FIXED-LENGTH DATA ELEMENTS--GENERAL INFORMATION
fixed length control field 110517s2011 xxk f 001 0 eng d
020 ## - INTERNATIONAL STANDARD BOOK NUMBER
International Standard Book Number 9781842195895
035 ## - SYSTEM CONTROL NUMBER
System control number (Sirsi) u152955
041 0# - LANGUAGE CODE
Language code of text/sound track or separate title eng
050 04 - LIBRARY OF CONGRESS CALL NUMBER
Classification number 333.332 $2 18
100 1# - MAIN ENTRY--PERSONAL NAME
Personal name Cherry, Andrew
245 02 - TITLE STATEMENT
Title A valuer's guide to the RICS Red Book 2011
250 ## - EDITION STATEMENT
Edition statement 5th ed.
260 ## - PUBLICATION, DISTRIBUTION, ETC.
Place of publication, distribution, etc. Coventry
Name of publisher, distributor, etc. RICS
Date of publication, distribution, etc. 2011
300 ## - PHYSICAL DESCRIPTION
Extent xii, 166p.
Dimensions 21cm.
505 2# - FORMATTED CONTENTS NOTE
Formatted contents note Introduction -- Qualifications and conflicts of interest -- Agreement of terms of enagagement with the client -- Valuation bases -- Inspections and material considerations -- Valuation reports -- Valuations for commercial secured lending -- Valuations subject to disclosure -- Registration and monitoring of valuations -- Specialist valuations -- Appendix: Red Book route map -- Index of frequently asked questions -- Index
520 ## - SUMMARY, ETC.
Summary, etc. A practical guide which assists with understanding the requirements set out in the Red Book (RICS Valuation Standards). The guide has been updated to take account of the new 7th edition of the Red Book. Discusses the principal aims and standards, qualifications and conflicts of interest and terms of engagement with the client. Also provides commentary on rules for specific practice areas and an index of frequently asked valuation questions.
520 ## - SUMMARY, ETC.
Summary, etc. Supersedes fourth edition (ISBN 9781842195895).
521 ## - TARGET AUDIENCE NOTE
Target audience note Advanced
590 ## - LOCAL NOTE (RLIN)
Local note KA NTK
651 #4 - SUBJECT ADDED ENTRY--GEOGRAPHIC NAME
Geographic name United Kingdom
690 ## - LOCAL SUBJECT ADDED ENTRY--TOPICAL TERM (OCLC, RLIN)
Topical term or geographic name as entry element PROPERTY-PROPERTY APPRAISAL AND VALUATION
942 ## - ADDED ENTRY ELEMENTS (KOHA)
Suppress in OPAC 0
Holdings
Withdrawn status Lost status Source of classification or shelving scheme Damaged status Not for loan Home library Current library Shelving location Date acquired Total Checkouts Full call number Barcode Date last seen Copy number Price effective from Koha item type
    Dewey Decimal Classification     London London RICS Boxes 06/06/2011   RICS 2011/18 30075659 06/08/2019 1 06/08/2019 Archive
    Dewey Decimal Classification     London London Books 14/03/2014   RICS 2011/18 30078229 06/08/2019 2 06/08/2019 Book
    Dewey Decimal Classification     London London Basement 06/06/2011   RICS 2011/18 30075660 06/08/2019 1 06/08/2019 Book
    Dewey Decimal Classification     London London Basement 06/06/2011   RICS 2011/18 30075729 06/08/2019 2 06/08/2019 Book